[Event "PRO League Eastern"]
[Site "Chess.com INT"]
[Date "2017.01.18"]
[Round "2"]
[White "Jeran, Bostjan"]
[Black "Reimanis, Ritvars"]
[Result "0-1"]
[WhiteElo "2236"]
[BlackElo "2264"]
[PlyCount "176"]
[EventDate "2017.01.11"]
[EventType "team-swiss (rapid)"]
[EventRounds "7"]
[EventCountry "USA"]
[SourceTitle "CBM 176 Extra"]
[Source "ChessBase"]
[SourceDate "2017.03.02"]
[SourceVersion "1"]
[SourceVersionDate "2017.03.02"]
[SourceQuality "1"]
[WhiteTeam "Ljubljana Direwolves"]
[BlackTeam "Riga Magicians"]
[WhiteTeamCountry "SLO"]
[BlackTeamCountry "LAT"]

1. Nf3 e6 2. b3 Be7 3. c4 d5 4. e3 Nf6 5. Bb2 0-0 6. g3 c5 7. Bg2 dxc4 8. bxc4 Nc6 9. 0-0 Rb8 10. Qb3 b6 11. d4 Na5 12. Qc2 Bb7 13. Nbd2 Rc8 14. Rac1 Qc7 15. Qb1 Rfd8 16. Rfd1 Bc6 17. Ne5 Bxg2 18. Kxg2 Nc6 19. Ndf3 Bd6 20. Qa1 Bxe5 21. dxe5 Ne8 22. Ng5 h6 23. Ne4 Qb7 24. f3 Ne7 25. g4 Ng6 26. Qb1 Qc7 27. f4 Qc6 28. Kg3 h5 29. h3 h4+ 30. Kh2 Rxd1 31. Rxd1 Qa4 32. Qd3 Qxa2 33. Rd2 Qa4 34. Nd6 Rd8 35. f5 Nf8 36. e4 Qc6 37. g5 g6 38. fxg6 Nxg6 39. Qf3 Nxd6 40. Qf6 Nb7 41. Rxd8+ Nxd8 42. Qxd8+ Kh7 43. Qf6 Qd7 44. Bc3 a5 45. Kg2 a4 46. Qf3 Kg8 47. Qf2 Qd3 48. Qf3 Qxc4 49. Be1 Qb5 50. Qd1 Qe8 51. Bf2 a3 52. Qb3 Qa8 53. Qa2 Qxe4+ 54. Kg1 Qa8 55. Be3 Qa7 56. Bf2 Qa8 57. Be3 Ne7 58. Bf2 Nf5 59. Kf1 Qa6+ 60. Kg1 Qa8 61. Kf1 Ng7 62. Bxh4 Nf5 63. Bf2 Ne7 64. h4 Ng6 65. h5 Nf4 66. h6 Qh1+ 67. Bg1 Qf3+ 68. Bf2 Qd1+ 69. Be1 Qd3+ 70. Kg1 Qd4+ 71. Kh2 Qxe5 72. Bg3 Qxg5 73. Qxa3 Ng6 74. Qa8+ Kh7 75. Qb7 Qxh6+ 76. Kg2 Qd2+ 77. Kh3 Kg7 78. Qxb6 Qd5 79. Qc7 Qh1+ 80. Kg4 Qe4+ 81. Kh3 Qf5+ 82. Kg2 Qd5+ 83. Kh2 c4 84. Kh3 Qf5+ 85. Kh2 Qh5+ 86. Kg2 Qd5+ 87. Kh2 e5 88. Kh3 e4 0-1

[Event "PRO League Eastern"]
[Site "Chess.com INT"]
[Date "2017.01.18"]
[Round "2"]
[White "Neiksans, Arturs"]
[Black "Jeran, Bostjan"]
[Result "1-0"]
[WhiteElo "2627"]
[BlackElo "2236"]
[PlyCount "81"]
[EventDate "2017.01.11"]
[EventType "team-swiss (rapid)"]
[EventRounds "7"]
[EventCountry "USA"]
[SourceTitle "CBM 176 Extra"]
[Source "ChessBase"]
[SourceDate "2017.03.02"]
[SourceVersion "1"]
[SourceVersionDate "2017.03.02"]
[SourceQuality "1"]
[WhiteTeam "Riga Magicians"]
[BlackTeam "Ljubljana Direwolves"]
[WhiteTeamCountry "LAT"]
[BlackTeamCountry "SLO"]

1. e4 d6 2. d4 Nf6 3. Nc3 g6 4. f4 Bg7 5. Nf3 0-0 6. Bd3 Na6 7. 0-0 c5 8. d5 Rb8 9. Qe2 Nc7 10. a4 a6 11. a5 b5 12. axb6 Rxb6 13. Nd2 Bg4 14. Qe1 Nb5 15. Nc4 Rb8 16. Rxa6 Nd4 17. Ra7 Ra8 18. Rxa8 Qxa8 19. Qh4 Bd7 20. h3 Bb5 21. Nxb5 Nxb5 22. c3 Qb7 23. f5 Ra8 24. Bh6 Nc7 25. fxg6 hxg6 26. Nxd6 Qxb2 27. e5 Ra2 28. Be4 Nxe4 29. Qxe4 exd6 30. exd6 f5 31. Qf3 Nb5 32. Bxg7 Kxg7 33. d7 Ra8 34. Qe3 Qxc3 35. Qe7+ Kh6 36. d8Q Qd4+ 37. Kh1 Rxd8 38. Qxd8 c4 39. Qf8+ Kh5 40. Qe7 Kh6 41. h4 1-0

[Event "PRO League Eastern"]
[Site "Chess.com INT"]
[Date "2017.01.11"]
[Round "1"]
[White "Sachdev, Tania"]
[Black "Jeran, Bostjan"]
[Result "1-0"]
[WhiteElo "2429"]
[BlackElo "2236"]
[PlyCount "51"]
[EventDate "2017.01.11"]
[EventType "team-swiss (rapid)"]
[EventRounds "7"]
[EventCountry "USA"]
[SourceTitle "CBM 176 Extra"]
[Source "ChessBase"]
[SourceDate "2017.03.02"]
[SourceVersion "1"]
[SourceVersionDate "2017.03.02"]
[SourceQuality "1"]
[WhiteTeam "Delhi Dynamite"]
[BlackTeam "Ljubljana Direwolves"]
[WhiteTeamCountry "IND"]
[BlackTeamCountry "SLO"]

1. d4 Nf6 2. c4 g6 3. f3 d5 4. cxd5 Nxd5 5. e4 Nb6 6. Nc3 Bg7 7. Be3 0-0 8. Qd2 Nc6 9. 0-0-0 Qd6 10. Kb1 Rd8 11. Nb5 Qd7 12. d5 Ne5 13. Rc1 c6 14. Nxa7 Qc7 15. Nb5 Qd7 16. Bxb6 cxb5 17. Bxd8 Qxd8 18. Bxb5 Qb6 19. Be2 Qf2 20. Nh3 Qxg2 21. Nf4 Nxf3 22. Qe3 Bd4 23. Qxf3 Qxf3 24. Bxf3 Be3 25. Nd3 Bxc1 26. Rxc1 1-0

[Event "SLO-chT Central Superliga 17th"]
[Site "Slovenia"]
[Date "2016.10.13"]
[Round "4.1"]
[White "Subelj, Jan"]
[Black "Jeran, Bostjan"]
[Result "1/2-1/2"]
[WhiteElo "2122"]
[BlackElo "2226"]
[PlyCount "61"]
[EventDate "2016.09.22"]
[EventType "team-tourn"]
[EventRounds "9"]
[EventCountry "SLO"]
[SourceTitle "EXT 2023"]
[Source "ChessBase"]
[SourceDate "2022.10.05"]
[SourceVersion "1"]
[SourceVersionDate "2022.10.05"]
[SourceQuality "1"]
[WhiteTeam "Komenda Pogi"]
[BlackTeam "Bor Dob"]
[WhiteTeamCountry "SLO"]
[BlackTeamCountry "SLO"]

1. e4 e5 2. Nf3 Nf6 3. Nxe5 d6 4. Nf3 Nxe4 5. Nc3 Nxc3 6. dxc3 Be7 7. Bf4 Nc6 8. Qd2 Bg4 9. 0-0-0 Qd7 10. Re1 a6 11. h3 Be6 12. Ng5 Bxg5 13. Bxg5 h6 14. Bh4 g5 15. Bg3 0-0-0 16. f4 Rhg8 17. fxg5 hxg5 18. Bd3 f5 19. Rhf1 f4 20. Bf2 Bf5 21. h4 Bxd3 22. cxd3 Qf7 23. hxg5 Qxa2 24. Qxf4 Rdf8 25. Qg4+ Kb8 26. Qc4 Qxc4 27. dxc4 Ne5 28. Rd1 Rxg5 29. Ba7+ Kxa7 30. Rxf8 Rxg2 31. Rf4 1/2-1/2

[Event "SLO-ch"]
[Site "Otocec"]
[Date "2016.04.30"]
[Round "8"]
[White "Kastelic, Marian"]
[Black "Jeran, Bostjan"]
[Result "1/2-1/2"]
[WhiteElo "2334"]
[BlackElo "2224"]
[PlyCount "116"]
[EventDate "2016.04.23"]
[EventType "swiss"]
[EventRounds "9"]
[EventCountry "SLO"]
[SourceTitle "CBM 172 Extra"]
[Source "ChessBase"]
[SourceDate "2016.06.21"]
[SourceVersion "1"]
[SourceVersionDate "2016.06.21"]
[SourceQuality "1"]

1. d4 Nf6 2. c4 g6 3. Nc3 d5 4. cxd5 Nxd5 5. e4 Nxc3 6. bxc3 Bg7 7. Bc4 c5 8. Be3 0-0 9. Ne2 Nc6 10. Qd2 Na5 11. Bd3 b6 12. Rc1 e5 13. dxe5 Be6 14. c4 Qd7 15. Nf4 Bxe5 16. 0-0 Qa4 17. Nxe6 fxe6 18. f4 Bg7 19. e5 Rad8 20. h4 Qd7 21. Rfd1 Qe7 22. g3 Nc6 23. Qg2 Nd4 24. Qe4 Nf5 25. Bf2 h5 26. a4 Qc7 27. Rb1 Rd7 28. a5 bxa5 29. Rb5 Rfd8 30. Rxc5 Qb7 31. Qxb7 Rxb7 32. Kf1 a4 33. Rb5 Rbd7 34. Ke2 Bf8 35. c5 Ne7 36. Bc2 Rxd1 37. Bxd1 Nd5 38. Be1 Rc8 39. Bxa4 Rxc5 40. Rb7 Rc7 41. Rxc7 Nxc7 42. Bf2 a6 43. Kd3 Kf7 44. Bc6 Bb4 45. Kc4 a5 46. Be4 Ne8 47. Kb5 Ng7 48. Kc6 Nf5 49. Kd7 Bd2 50. Bc2 Bb4 51. Bb3 Ng7 52. Ba4 Bd2 53. Bd1 Nf5 54. Kd8 Bb4 55. Ba4 Ng7 56. Kd7 Bd2 57. Bb3 Bb4 58. Bd1 Bd2 1/2-1/2

[Event "SLO-ch"]
[Site "Otocec"]
[Date "2016.04.27"]
[Round "5"]
[White "Jeran, Bostjan"]
[Black "Janzekovic, Klemen Tilen"]
[Result "1/2-1/2"]
[WhiteElo "2224"]
[BlackElo "1977"]
[PlyCount "97"]
[EventDate "2016.04.23"]
[EventType "swiss"]
[EventRounds "9"]
[EventCountry "SLO"]
[SourceTitle "CBM 172 Extra"]
[Source "ChessBase"]
[SourceDate "2016.06.21"]
[SourceVersion "1"]
[SourceVersionDate "2016.06.21"]
[SourceQuality "1"]

1. d4 Nf6 2. c4 g6 3. Nc3 Bg7 4. e4 d6 5. f3 0-0 6. Be3 c5 7. d5 e6 8. Qd2 exd5 9. cxd5 Nbd7 10. Nh3 Ne5 11. Nf2 a6 12. a4 Bd7 13. Be2 h5 14. 0-0 Nh7 15. f4 Ng4 16. Nxg4 hxg4 17. f5 gxf5 18. exf5 Re8 19. Bf4 Bd4+ 20. Kh1 Bxf5 21. Bd3 Bxd3 22. Qxd3 Be5 23. Qf5 Qc8 24. Qh5 Qd7 25. Rab1 f5 26. Bh6 Qf7 27. Qxf5 Qxf5 28. Rxf5 Re7 29. Rbf1 Rae8 30. Ne4 Bxh2 31. Nxc5 dxc5 32. Kxh2 Re2 33. Kg3 R8e7 34. b3 Rd7 35. R1f4 Re3+ 36. Kh4 Rxb3 37. Rxg4+ Kh8 38. Kh5 Rd3 39. Re4 Rg3 40. Re8+ Rg8 41. Rxg8+ Kxg8 42. g4 Rxd5 43. Rxd5 Nf6+ 44. Kg6 Nxd5 45. a5 c4 46. Kf5 c3 47. Ke5 Nb4 48. Kd4 c2 49. Kc5 1/2-1/2

[Event "SLO-ch"]
[Site "Otocec"]
[Date "2016.04.26"]
[Round "4"]
[White "Tomazini, Zan"]
[Black "Jeran, Bostjan"]
[Result "1-0"]
[WhiteElo "2428"]
[BlackElo "2224"]
[PlyCount "49"]
[EventDate "2016.04.23"]
[EventType "swiss"]
[EventRounds "9"]
[EventCountry "SLO"]
[SourceTitle "CBM 172 Extra"]
[Source "ChessBase"]
[SourceDate "2016.06.21"]
[SourceVersion "1"]
[SourceVersionDate "2016.06.21"]
[SourceQuality "1"]

1. e4 g6 2. d4 Bg7 3. Nc3 c6 4. Nf3 d6 5. Be3 Nf6 6. Qd2 b5 7. Bd3 Bg4 8. Ng1 e5 9. f3 exd4 10. Bxd4 Be6 11. g4 b4 12. g5 bxc3 13. Qxc3 Nxe4 14. Bxe4 Bxd4 15. Qxd4 0-0 16. h4 d5 17. Bd3 Nd7 18. c3 Qb6 19. 0-0-0 Rfb8 20. Rd2 Qc7 21. Ne2 c5 22. Qf4 Qa5 23. Bb1 d4 24. h5 Rf8 25. Qh2 1-0

[Event "SLO-ch"]
[Site "Otocec"]
[Date "2016.04.23"]
[Round "1"]
[White "Jeran, Bostjan"]
[Black "Vidmar, Klara"]
[Result "1-0"]
[WhiteElo "2224"]
[BlackElo "1644"]
[PlyCount "63"]
[EventDate "2016.04.23"]
[EventType "swiss"]
[EventRounds "9"]
[EventCountry "SLO"]
[SourceTitle "CBM 172 Extra"]
[Source "ChessBase"]
[SourceDate "2016.06.21"]
[SourceVersion "1"]
[SourceVersionDate "2016.06.21"]
[SourceQuality "1"]

1. Nf3 d5 2. c4 d4 3. b4 c5 4. Bb2 Nc6 5. b5 Nb8 6. e3 dxe3 7. fxe3 Bf5 8. d4 e6 9. Bd3 Bxd3 10. Qxd3 Nf6 11. 0-0 Be7 12. Nbd2 0-0 13. a4 b6 14. Ne5 Bd6 15. Ndf3 Qc7 16. Rad1 h6 17. d5 exd5 18. cxd5 Rd8 19. e4 Re8 20. Nxf7 Qxf7 21. e5 c4 22. Qxc4 Bc5+ 23. Kh1 Nbd7 24. exf6 Nxf6 25. Ne5 Qh5 26. d6+ Kh7 27. Qd3+ Kg8 28. Rxf6 gxf6 29. Nd7 Re6 30. Nxf6+ Rxf6 31. Bxf6 Qf7 32. d7 1-0

[Event "Ljubljana-chT 68th 1st League"]
[Site "Ljubljana"]
[Date "2015.02.19"]
[Round "6.1"]
[White "Jeran, Bostjan"]
[Black "Kolaric, Spela"]
[Result "1/2-1/2"]
[WhiteElo "2204"]
[BlackElo "2087"]
[PlyCount "71"]
[EventDate "2015.01.08"]
[EventType "team-tourn"]
[EventRounds "9"]
[EventCountry "SLO"]
[SourceTitle "EXT 2022"]
[Source "ChessBase"]
[SourceDate "2021.10.06"]
[SourceVersion "1"]
[SourceVersionDate "2021.10.06"]
[SourceQuality "1"]
[WhiteTeam "Bor Dob"]
[BlackTeam "Kocevje"]
[WhiteTeamCountry "SLO"]
[BlackTeamCountry "SLO"]

1. c4 e5 2. Nc3 Nf6 3. g3 Bb4 4. Bg2 0-0 5. Nf3 Re8 6. 0-0 Nc6 7. Ne1 e4 8. Nc2 Bxc3 9. dxc3 h6 10. Ne3 d6 11. Qc2 Ne5 12. b3 Neg4 13. h3 Nxe3 14. Bxe3 Bf5 15. Rad1 Qe7 16. Qd2 Bg6 17. a3 Rad8 18. Bd4 b6 19. b4 Qe6 20. Bxf6 Qxf6 21. e3 Qe5 22. Qd4 f5 23. Rd2 Bf7 24. Rfd1 Bh5 25. Rb1 Bf7 26. Bf1 Rb8 27. Be2 Kf8 28. Kg2 Re7 29. Qxe5 Rxe5 30. Rbd1 Ke7 31. g4 g6 32. Kg3 Kf6 33. Rd4 Rg8 34. Rg1 Be6 35. Kf4 Re8 36. Rgd1 1/2-1/2

[Event "Ljubljana-chT 68th 1st League"]
[Site "Ljubljana"]
[Date "2015.01.29"]
[Round "4.1"]
[White "Justin, Matjaz"]
[Black "Jeran, Bostjan"]
[Result "1/2-1/2"]
[WhiteElo "2278"]
[BlackElo "2204"]
[PlyCount "137"]
[EventDate "2015.01.08"]
[EventType "team-tourn"]
[EventRounds "9"]
[EventCountry "SLO"]
[SourceTitle "EXT 2022"]
[Source "ChessBase"]
[SourceDate "2021.10.06"]
[SourceVersion "1"]
[SourceVersionDate "2021.10.06"]
[SourceQuality "1"]
[WhiteTeam "Vrhnika"]
[BlackTeam "Bor Dob"]
[WhiteTeamCountry "SLO"]
[BlackTeamCountry "SLO"]

1. e4 e5 2. Nf3 Nf6 3. Nxe5 d6 4. Nf3 Nxe4 5. d4 d5 6. Bd3 Be7 7. 0-0 Nc6 8. c4 Nb4 9. Be2 0-0 10. Nc3 Bf5 11. a3 Nxc3 12. bxc3 Nc6 13. Be3 dxc4 14. Bxc4 Bf6 15. Bd3 Qd7 16. Rb1 b6 17. Rb5 Bxd3 18. Qxd3 a6 19. Rh5 g6 20. Ng5 Bxg5 21. Rxg5 f6 22. Qc4+ Qf7 23. Qxf7+ Kxf7 24. Rg3 Na5 25. Re1 Rfe8 26. Kf1 Nc4 27. Bc1 b5 28. Rh3 h5 29. g4 Rxe1+ 30. Kxe1 Rh8 31. gxh5 Rxh5 32. Rxh5 gxh5 33. f3 Ke6 34. Kf2 Kf5 35. Kg3 c6 36. Kh4 Kg6 37. Kg3 Nb6 38. Bd2 Nd5 39. Kh4 Ne7 40. Kg3 Nd5 41. Kh4 f5 42. Kg3 Nb6 43. Kh4 a5 44. Kg3 a4 45. Kh4 Nd5 46. Kg3 f4+ 47. Kf2 Kg5 48. Ke2 Kh4 49. Kd3 Kh3 50. c4 bxc4+ 51. Kxc4 Kg2 52. Kc5 Kxf3 53. Kxc6 Ke4 54. Kb5 f3 55. Be1 Kxd4 56. Kxa4 Ke3 57. Kb3 f2 58. Bxf2+ Kxf2 59. a4 h4 60. a5 Nc7 61. Kc4 h3 62. Kc5 Kg2 63. Kb6 Nd5+ 64. Kc5 Kxh2 65. a6 Kg3 66. a7 Nc7 67. Kc6 h2 68. Kxc7 h1Q 69. Kb8 1/2-1/2